000 00372nam a2200157Ia 4500
008 230312s9999||||xx |||||||||||||| ||und||
020 _a978 969 8718 06
082 _a297.18
_bIRM-M
100 _aعرفان الحق
245 0 _aMayar (معیار)
260 _bBABA Publishers
_aLahore
_c2007
300 _a246
546 _aاردو
650 _aLiterature
942 _cBK
999 _c56
_d56